00929naa#a2200193#i#4500001001600000005001700016011001400033100004100047102000700088200017300095210012800268215001000396608004500406675012600451700005200577700006400629700002200693856002000715RU\\bibl\12026920260417022355.5##a1819-4036##a20210331b2021####ek#y0rusy0150####ca##aRU1#aНЕКОТОРЫЕ ВОПРОСЫ ПОВЫШЕНИЯ ЖИЗНЕСТОЙКОСТИ ПЧЕЛ В УСЛОВИЯХ ТЕХНОГЕНЕЗАeЖурнальная статья1#aКрасноярскcКрасноярский государственный аграрный университетd2021##a4 с.##aЖурнальная статья2local##aУход, разведение и содержание насекомых и прочих членистоногих. 638#1aПашаянgСусанна Арестовна#1aСидороваgКлавдия Александровна#1aЮринаgТ А4#avestnik.kgau.ru